Didáctica de la expresión dramática: una aproximación a la dinámica teatral en el aula
محفوظ في:
| المؤلف الرئيسي: | |
|---|---|
| التنسيق: | كتاب |
| اللغة: | الإسبانية |
| منشور في: |
Barcelona
Octaedro
1992
|
| الطبعة: | 1a. ed |
| سلاسل: | Recursos octaedro
|
| الموضوعات: | |
| الوسوم: |
إضافة وسم
لا توجد وسوم, كن أول من يضع وسما على هذه التسجيلة!
|
MARC
| LEADER | 00000nam a2200000 a 4500 | ||
|---|---|---|---|
| 001 | UCH6792 | ||
| 003 | CL-VaPUC | ||
| 008 | 091109e19920000SP |||||||||||||||||spa|d | ||
| 020 | |a 8480630043 | ||
| 082 | 0 | 4 | |a 371.332 |b CAÑ |2 21 |
| 100 | 0 | |a Cañas Torregrosa, José |e author |9 543394 | |
| 245 | 1 | 0 | |a Didáctica de la expresión dramática: una aproximación a la dinámica teatral en el aula |
| 250 | |a 1a. ed | ||
| 300 | |a 306 p | ||
| 942 | |c BK | ||
| 945 | |d 20091109 00:00:00 |a ccalabra | ||
| 260 | |a Barcelona |b Octaedro |c 1992 | ||
| 650 | 0 | |a Educación |9 258661 | |
| 650 | 0 | |a Expresión oral |9 334815 | |
| 650 | 7 | |a TEATRO EN LA EDUCACION |2 CL-VaPUC |9 543395 | |
| 650 | 0 | |a Teatro escolar |9 307647 | |
| 650 | 0 | |a Juegos educativos |9 307366 | |
| 650 | 0 | |a Calidad de la educación |9 307271 | |
| 650 | 7 | |a MARIONETAS |2 CL-VaPUC |9 341450 | |
| 650 | 0 | |a Títeres |9 307644 | |
| 583 | |a last modification |c 20091109 00:00:00 |k Rodrigo Vera | ||
| 490 | 0 | |a Recursos octaedro | |
| 999 | |c 337616 |d 337614 | ||